Product management : strategy and organization. (2nd ed.) (Record no. 77224)

MARC details
000 -LEADER
fixed length control field 00859nam a2200205 a 4500
008 - FIXED-LENGTH DATA ELEMENTS--GENERAL INFORMATION
fixed length control field 060316s1982 ||||||||||||||||| || u
020 ## - INTERNATIONAL STANDARD BOOK NUMBER
International Standard Book Number 0471057185
050 ## - LIBRARY OF CONGRESS CALL NUMBER
Classification number HF 5415.15 Pes
100 ## - MAIN ENTRY--PERSONAL NAME
Personal name Pessemier, Edgar A. 1922-
245 10 - TITLE STATEMENT
Title Product management : strategy and organization. (2nd ed.)
250 ## - EDITION STATEMENT
Edition statement 2nd ed.
260 ## - PUBLICATION, DISTRIBUTION, ETC.
Place of publication, distribution, etc. New York :
Name of publisher, distributor, etc. John Wiley and Sons
Date of publication, distribution, etc. 1982
300 ## - PHYSICAL DESCRIPTION
Extent xix, 668 p. : ill.
350 ## -
-- 0.00
490 ## -
-- Wiley series in marketing
500 ## - GENERAL NOTE
General note Includes bibliographical references
650 ## - SUBJECT ADDED ENTRY--TOPICAL TERM
Topical term or geographic name entry element PRODUCT MANAGEMENT
995 ## -
-- BINDERY (DAMAGED)
-- 0.00
-- 708636
-- CBU-MAIN LIBRARY (Kitwe)
-- 2
-- 35.85
-- HF 5415.15 Pes
-- 1
-- DAMAGED
-- 005644
-- Main Library Open Access Collection
995 ## -
-- BINDERY (DAMAGED)
-- 0.00
-- 728637
-- CBU-MAIN LIBRARY (Kitwe)
-- 1
-- 35.85
-- HF 5415.15 Pes
-- 2
-- DAMAGED
-- 005645
-- Main Library Open Access Collection
999 ## -
-- 77224
-- 77224
Holdings
Withdrawn status Lost status Source of classification or shelving scheme Damaged status Not for loan Permanent Location Current Location Shelving location Date acquired Total Checkouts Full call number Barcode Date last seen Copy number Price effective from Koha item type
          CBU-MAIN LIBRARY, KITWE. CBU-MAIN LIBRARY, KITWE.   04/25/2023   HF 5415.15 Pes 005644 04/25/2023 1 04/25/2023 MONOGRAPH
          CBU-MAIN LIBRARY, KITWE. CBU-MAIN LIBRARY, KITWE.   04/25/2023   HF 5415.15 Pes 005645 04/25/2023 2 04/25/2023 MONOGRAPH